| 000 | 00405nam a2200145Ia 4500 | ||
|---|---|---|---|
| 008 | 230917s9999||||xx |||||||||||||| ||und|| | ||
| 040 |
_e233319 _aMAIN |
||
| 041 | _aEnglish | ||
| 082 | _a331.10954 C394O | ||
| 100 | _aChauhan, Poonam S | ||
| 245 | 0 | _aOrganising rural labour: Process and experiences, 2V | |
| 260 |
_aNoida _bV V Giri National Labour Instistute _c2015 |
||
| 300 | _a236 p. | ||
| 942 | _cBK | ||
| 999 |
_c168348 _d168348 |
||